| Поле | Инд. | ПП | Название | Значение |
|---|---|---|---|---|
| Тип записи | a | |||
| Библиографический уровень | b | |||
| 001 | Контрольный номер | RU/IS/BASE/354029657 | ||
| 005 | Дата корректировки | 20200610181723.1 | ||
| 008 | Кодируемые данные | 20110321 | ||
| 040 | b | Код языка каталог. | rus | |
| e | Правила каталог. | PSBO | ||
| 041 | 0_ | a | Код языка текста | rus |
| 084 | a | Индекс другой классификации/Индекс ББК | 66.3(2Рос),1; 60.561.3; 66.03 | |
| 100 | 1_ | a | Автор | Каневский П. С. |
| q | Полное имя | Каневский Павел Сергеевич | ||
| 245 | 10 | a | Заглавие | Проблемы российской модернизации: элиты, общество, мировой кризис |
| 504 | a | Библиография | Библиогр.: с. 32 | |
| 520 | a | Аннотация | В условиях кризиса российское общество столкнулось с абсолютно новыми вызовами времени. Вскрываются самые острые проблемы политической системы, экономики, которые в годы благоприятной внешнеэкономической ситуации были отодвинуты на второй план. Хотя властями был объявлен курс на модернизацию, институциональный и контекстуальный уровни развития государства не соответсвуют заявленной цели. Российская политическая система нуждается в реформировании, а общество - в изменении социально-экономических практик | |
| 650 | a | Основная рубрика | внутренняя политика | |
| a | Основная рубрика | политика | ||
| a | Основная рубрика | политическая социология | ||
| a | Основная рубрика | политология | ||
| a | Основная рубрика | социология | ||
| 653 | a | Ключевые слова | гражданское общество | |
| a | Ключевые слова | идеология | ||
| a | Ключевые слова | консерватизм | ||
| a | Ключевые слова | коррупция | ||
| a | Ключевые слова | либерализм | ||
| a | Ключевые слова | модернизация общества | ||
| a | Ключевые слова | политические системы | ||
| a | Ключевые слова | российское общество | ||
| a | Ключевые слова | Россия | ||
| a | Ключевые слова | элита | ||
| a | Ключевые слова | этатизм | ||
| 773 | 08 | t | Заглавие источника | Вестник Московского университета. Серия 18, Социология и политология |
| d | Дата издания источника | 2010 | ||
| g | Прочая информация | № 4. - С. 18 - 32 | ||
| w | Контрольный № источника | RU/IS/BASE/349533681 | ||
| 901 | t | Тип документа | b |